000 00575nam a2200277Ia 4500
005 20260401122047.0
008 008 250103s9999 xx 000 0 eng d
020 _a333606779
037 _aTB
040 _aEDL
040 _beng
040 _cEDL
041 _2eng
041 _aeng
084 _a822.33 Q7-8 WHI
084 _qEDL
245 0 _aTwelfth Night
260 _aLondon
260 _bMacmillan
260 _c1996
300 _a221p
942 _cTB
942 _h822.33 Q7-8 WHI
999 _c1844646
_d1844646